000 00236nam a2200097Ia 4500
001 699427
005 20250826162110.0
008 250824s9999 xx 000 0 und d
245 0 _aBABAMA/A.KULİN/EVEREST
_cAYŞE KULİN
260 _bEVEREST
999 _c699427
_d699427